[Event "Barbera del Valles op 43rd"]
[Site "Barbera del Valles"]
[Date "2021.11.21"]
[Round "1"]
[White "Villa Izquierdo, Roberto"]
[Black "Sharan, Rao"]
[Result "0-1"]
[WhiteElo "1840"]
[BlackElo "2179"]
[PlyCount "60"]
[EventDate "2021.11.21"]
[EventType "swiss"]
[EventRounds "9"]
[EventCountry "ESP"]
[SourceTitle "EXT 2023"]
[Source "ChessBase"]
[SourceDate "2022.10.05"]
[SourceVersion "1"]
[SourceVersionDate "2022.10.05"]
[SourceQuality "1"]

1. e4 e6 2. d4 d5 3. Bd3 dxe4 4. Bxe4 Nf6 5. Bf3 c5 6. Ne2 Nc6 7. c3 Be7 8. 0-0 0-0 9. a4 cxd4 10. cxd4 Qb6 11. Na3 Rd8 12. Nc4 Qa6 13. b3 Bd7 14. Be3 Rac8 15. Nf4 b6 16. g4 e5 17. dxe5 Be6 18. Nd6 Nxe5 19. Bb7 Qxb7 20. Nxb7 Rxd1 21. Rfxd1 Bxg4 22. Rdc1 Rb8 23. Rc7 Bf8 24. a5 Ne8 25. Rac1 Nxc7 26. Rxc7 g5 27. Ng2 Bf3 28. Bd4 Nc6 29. Be3 Nb4 30. axb6 axb6 0-1

[Event "EU-ch Online U2300 Qual"]
[Site "Chess.com INT"]
[Date "2020.05.25"]
[Round "7"]
[White "Nandrean, Dan"]
[Black "Villa Izquierdo, Roberto"]
[Result "0-1"]
[WhiteElo "2173"]
[BlackElo "1962"]
[PlyCount "72"]
[EventDate "2020.05.25"]
[EventType "swiss"]
[EventRounds "8"]
[EventCountry "NET"]
[SourceTitle "EXT 2021"]
[Source "ChessBase"]
[SourceDate "2020.10.23"]
[SourceVersion "1"]
[SourceVersionDate "2020.10.23"]
[SourceQuality "1"]

1. e4 d5 2. b3 dxe4 3. Bb2 Nf6 4. f3 Bf5 5. Na3 e6 6. Nc4 Bc5 7. Ne2 exf3 8. gxf3 Nh5 9. h4 Nc6 10. d3 b5 11. Ne5 Nxe5 12. Bxe5 f6 13. Bb2 e5 14. Qd2 a5 15. 0-0-0 a4 16. Kb1 axb3 17. axb3 Qd6 18. d4 Bb4 19. Qe3 Kf7 20. Nc1 Rhe8 21. dxe5 Qc6 22. Bd3 Bc5 23. Qd2 Ng3 24. Rhe1 Rad8 25. Qf4 Bxd3 26. Nxd3 Nh5 27. Qg4 g6 28. e6+ Kg8 29. Rg1 Bxg1 30. Rxg1 Ng7 31. Bxf6 Rd6 32. Ne5 Qd5 33. Nxg6 Qxe6 34. Nf4 Qxf6 35. Nh5 Qg6 36. Nxg7 Kxg7 0-1

[Event "EU-ch Online U2300 Qual"]
[Site "Chess.com INT"]
[Date "2020.05.25"]
[Round "1"]
[White "Villa Izquierdo, Roberto"]
[Black "Labiano Hernandez, Juan"]
[Result "1/2-1/2"]
[WhiteElo "1962"]
[BlackElo "2158"]
[PlyCount "237"]
[EventDate "2020.05.25"]
[EventType "swiss"]
[EventRounds "8"]
[EventCountry "NET"]
[SourceTitle "EXT 2021"]
[Source "ChessBase"]
[SourceDate "2020.10.23"]
[SourceVersion "1"]
[SourceVersionDate "2020.10.23"]
[SourceQuality "1"]

1. e4 e5 2. d4 exd4 3. Qxd4 Nc6 4. Qe3 Nf6 5. Nc3 Be7 6. Bd2 0-0 7. 0-0-0 d5 8. exd5 Nxd5 9. Qg3 Bh4 10. Qf3 Be6 11. Bd3 Bg5 12. Nge2 Ne5 13. Bxh7+ Kxh7 14. Qh5+ Kg8 15. Bxg5 f6 16. Bh4 Bg4 17. Qxe5 fxe5 18. Bxd8 Nxc3 19. bxc3 Bxe2 20. Rd2 Rxf2 21. Bxc7 Rxg2 22. Bxe5 Re8 23. Bg3 Bf3 24. Rxg2 Bxg2 25. Re1 Rxe1+ 26. Bxe1 Bd5 27. a3 Kf7 28. Bf2 a6 29. Kd2 Ke6 30. Kd3 Kf5 31. Kd4 Bc6 32. c4 g5 33. c3 g4 34. Bg3 Bf3 35. Bb8 Kg5 36. Bg3 Kh5 37. Be5 Kh4 38. Bg3+ Kh3 39. Be5 Kg2 40. Bg3 Kf1 41. Ke3 Bc6 42. Bh4 Bd7 43. Bg3 Be6 44. c5 Bd7 45. Bh4 Kg2 46. Bg3 Kg1 47. Bf4 Bc6 48. Bg3 Kf1 49. Bh4 Kg2 50. Bg3 Kh3 51. Kf2 Bd5 52. Bf4 Kh4 53. Bg3+ Kg5 54. Ke3 Kf5 55. Kd4 Bc6 56. Be5 Ke6 57. Bg3 Bg2 58. Bd6 Kd7 59. Bg3 Kc6 60. Bf4 Kb5 61. Bg3 Ka4 62. Bd6 Bc6 63. Ke3 Kb3 64. Kd2 Kxa3 65. Kc2 Ka4 66. Kb2 Kb5 67. Kb3 Bd5+ 68. Kc2 Kc4 69. Kb2 Bc6 70. Bf8 a5 71. Bd6 a4 72. Be7 Kd5 73. Bd6 b6 74. c4+ Ke6 75. Ka3 b5 76. cxb5 Bxb5 77. Kb4 Bc6 78. Bf8 Kd5 79. Bd6 Kd4 80. Ka3 Kc3 81. Be5+ Kc4 82. Bd6 Kb5 83. Bf8 Kc4 84. Bd6 Kd5 85. Bf8 Ke4 86. Bd6 Kf3 87. Be5 Kg2 88. Bd6 Kf2 89. Bg3+ Ke2 90. Bd6 Kd2 91. Bg3 Kc2 92. Bd6 Kc3 93. Bg3 Be8 94. Bd6 Kc4 95. Bf8 Kb5 96. Bd6 Bf7 97. Bf8 Bb3 98. Bd6 Kc6 99. Bf8 Bd1 100. Bd6 Kd7 101. Bf8 Ke8 102. Bd6 Kd8 103. Bg3 Kd7 104. Bd6 Kc6 105. Bf8 Kb5 106. Bd6 Bf3 107. Bf8 Bc6 108. Bd6 Kc4 109. Be7 Kd5 110. Bd6 Ke6 111. Bf8 Bd7 112. Bd6 Kd5 113. Bf8 Bb5 114. Bd6 Bc6 115. Bf8 Be8 116. Be7 Bc6 117. Bd6 Ke6 118. Bf8 Kd5 119. Bd6 1/2-1/2

[Event "Sant Andreu CM"]
[Site "Barcelona"]
[Date "2019.10.19"]
[Round "5"]
[White "Villa Izquierdo, Roberto"]
[Black "Garcia Playa, David"]
[Result "1-0"]
[WhiteElo "2007"]
[BlackElo "2105"]
[PlyCount "175"]
[EventDate "2019.09.14"]
[EventType "tourn"]
[EventRounds "9"]
[EventCountry "ESP"]
[SourceTitle "CBM 195 Extra"]
[Source "ChessBase"]
[SourceDate "2020.05.31"]
[SourceVersion "1"]
[SourceVersionDate "2020.05.31"]
[SourceQuality "1"]

1. f4 Nf6 2. Nf3 d5 3. e3 g6 4. b3 Bg7 5. Bb2 0-0 6. d4 Bg4 7. Nbd2 Nc6 8. Be2 Bxf3 9. Bxf3 e6 10. 0-0 Ne7 11. g4 Rc8 12. Ba3 Re8 13. c4 c6 14. Qe1 Ra8 15. Bb2 Nc8 16. g5 Nd7 17. e4 Nd6 18. e5 Nf5 19. Bg4 Nb6 20. Bxf5 exf5 21. c5 Nd7 22. h4 Nf8 23. h5 Ne6 24. Qg3 Bf8 25. hxg6 hxg6 26. Kg2 Bg7 27. Rh1 Kf8 28. b4 Ke7 29. a4 Qc7 30. Bc3 Rh8 31. Rxh8 Rxh8 32. b5 a6 33. Nb3 Qd7 34. bxa6 bxa6 35. Ba5 Rb8 36. Bb6 Qe8 37. Qf3 Qh8 38. Rh1 Qe8 39. Qf1 Qc8 40. Kg3 Kd7 41. Qd3 Ra8 42. Na5 Bf8 43. Rh8 Ke7 44. Kf3 Qd7 45. Ke3 Ng7 46. Rh1 Ne6 47. Rb1 Bg7 48. Rh1 Qc8 49. Qe2 Qd7 50. Qf1 Qc8 51. Kd3 Qd7 52. Kc3 Qc8 53. Nb3 Kd7 54. Rh2 Qg8 55. Nc1 Qc8 56. Na2 Ke7 57. Rb2 Qh8 58. Nb4 Qc8 59. Qf3 Qd7 60. Nd3 Rh8 61. Qf1 Ra8 62. Qb1 Qc8 63. Ba5 Ke8 64. Rb7 Bf8 65. Qb6 Be7 66. Nb4 Bd8 67. Qxc6+ Qxc6 68. Nxc6 Bxa5+ 69. Nxa5 Nxf4 70. Rb6 Ne6 71. Rd6 Nxg5 72. Rxd5 Ne4+ 73. Kd3 Ke7 74. c6 g5 75. Rd7+ Ke8 76. Nc4 Rc8 77. Nd6+ Nxd6 78. Rxd6 g4 79. Ke3 g3 80. Kf3 f4 81. Rh6 Ke7 82. d5 Rg8 83. d6+ Kd8 84. Rh1 Kc8 85. Kxf4 g2 86. Rg1 f6 87. e6 Rd8 88. e7 1-0

[Event "Sant Andreu CM"]
[Site "Barcelona"]
[Date "2019.10.12"]
[Round "4"]
[White "De Leon, Patricia O"]
[Black "Villa Izquierdo, Roberto"]
[Result "1/2-1/2"]
[WhiteElo "2002"]
[BlackElo "2007"]
[PlyCount "26"]
[EventDate "2019.09.14"]
[EventType "tourn"]
[EventRounds "9"]
[EventCountry "ESP"]
[SourceTitle "CBM 195 Extra"]
[Source "ChessBase"]
[SourceDate "2020.05.31"]
[SourceVersion "1"]
[SourceVersionDate "2020.05.31"]
[SourceQuality "1"]

1. d4 Nf6 2. c4 e6 3. Nf3 b6 4. g3 Bb7 5. Bg2 d5 6. 0-0 Nbd7 7. cxd5 exd5 8. Nc3 Bb4 9. Qc2 0-0 10. Bf4 c6 11. a3 Bxc3 12. Qxc3 Ne4 13. Qc2 g5 1/2-1/2

[Event "Sant Andreu CM"]
[Site "Barcelona"]
[Date "2019.10.05"]
[Round "3"]
[White "Villa Izquierdo, Roberto"]
[Black "Campins Machado, Francesc"]
[Result "1-0"]
[WhiteElo "2007"]
[BlackElo "2134"]
[PlyCount "78"]
[EventDate "2019.09.14"]
[EventType "tourn"]
[EventRounds "9"]
[EventCountry "ESP"]
[SourceTitle "CBM 195 Extra"]
[Source "ChessBase"]
[SourceDate "2020.05.31"]
[SourceVersion "1"]
[SourceVersionDate "2020.05.31"]
[SourceQuality "1"]

1. e4 c5 2. Nf3 e6 3. d3 d5 4. Nbd2 Nc6 5. g3 g6 6. Bg2 Bg7 7. 0-0 Nf6 8. Re1 0-0 9. c3 a5 10. e5 Ng4 11. d4 cxd4 12. cxd4 f6 13. h3 Nxf2 14. Qe2 fxe5 15. dxe5 Bd7 16. Rf1 Qc7 17. Rxf2 Nxe5 18. Nb3 Nxf3+ 19. Rxf3 a4 20. Nd2 a3 21. Rb1 Rxf3 22. Nxf3 axb2 23. Bf4 Qc5+ 24. Kh2 Rxa2 25. Be5 Qc4 26. Qd2 Qb3 27. Bxg7 Kxg7 28. Nd4 Qb6 29. Ne2 Bc6 30. Nc3 Ra1 31. Qxb2 Rxb1 32. Qxb1 Qd4 33. Ne2 Qe3 34. Qb2+ e5 35. Nf4 d4 36. Nd5 Qd3 37. Qb4 Kh6 38. Qf8+ Kh5 39. Bf3+ Kg5 1-0

[Event "Barcelona Canovelles U2200 op"]
[Site "Barcelona"]
[Date "2018.12.27"]
[Round "1.5"]
[White "Villa Izquierdo, Roberto"]
[Black "Nicomedes Carmona, Jose"]
[Result "1/2-1/2"]
[WhiteElo "2085"]
[BlackElo "1596"]
[PlyCount "87"]
[EventDate "2018.12.27"]
[EventType "swiss"]
[EventRounds "8"]
[EventCountry "ESP"]
[SourceTitle "EXT 2024"]
[Source "ChessBase"]
[SourceDate "2023.10.10"]
[SourceVersion "1"]
[SourceVersionDate "2023.10.10"]
[SourceQuality "1"]

1. Nf3 c5 2. b3 e6 3. Bb2 Nf6 4. e3 Be7 5. d4 Nc6 6. Nbd2 cxd4 7. exd4 a6 8. c4 d5 9. Be2 b6 10. 0-0 0-0 11. Ne5 Bb7 12. Nxc6 Bxc6 13. Rc1 Rc8 14. c5 b5 15. b4 a5 16. a3 axb4 17. axb4 Qc7 18. f4 Ra8 19. Qb3 Ra4 20. Ra1 Rfa8 21. Rxa4 Rxa4 22. f5 Qc8 23. Bd3 Ng4 24. Rf3 Nh6 25. Nb1 Ra8 26. Nc3 Rb8 27. Qc2 Nxf5 28. Bxf5 exf5 29. Rxf5 Qe6 30. Re5 Qd7 31. Qf2 Bf6 32. Re1 Qg4 33. Nd1 Re8 34. Rxe8+ Bxe8 35. Ne3 Qe4 36. Qf3 Qxf3 37. gxf3 Bc6 38. Kg2 Kf8 39. Nc2 Ke7 40. Bc1 Ke6 41. Bf4 g5 42. Bd6 Bg7 43. Kg3 h5 44. h4 1/2-1/2

[Event "Catalunya-chT"]
[Site "Catalunya"]
[Date "2012.03.10"]
[Round "7.10"]
[White "Villa Izquierdo, Roberto"]
[Black "Luke Brezmes, Cristofer"]
[Result "1-0"]
[WhiteElo "2159"]
[BlackElo "2069"]
[PlyCount "111"]
[EventDate "2012.01.28"]
[EventType "team-tourn"]
[EventRounds "11"]
[EventCountry "ESP"]
[SourceTitle "EXT 2013"]
[Source "ChessBase"]
[SourceDate "2012.11.22"]
[SourceVersion "1"]
[SourceVersionDate "2012.11.22"]
[SourceQuality "1"]
[WhiteTeam "Barbera"]
[BlackTeam "Tarragona"]
[WhiteTeamCountry "ESP"]
[BlackTeamCountry "ESP"]

1. d4 d5 2. e3 Bf5 3. Nf3 Nf6 4. Ne5 e6 5. Bd3 Bxd3 6. cxd3 Bd6 7. 0-0 0-0 8. f4 c5 9. dxc5 Bxc5 10. Kh1 Nbd7 11. Qf3 Bd6 12. Nxd7 Nxd7 13. e4 dxe4 14. dxe4 e5 15. f5 Be7 16. Qg3 Kh8 17. Nc3 f6 18. Rd1 Qe8 19. Nb5 Nc5 20. Nc3 Qc6 21. Qh4 Rfd8 22. Nd5 Qa4 23. Be3 Rd7 24. b3 Qxe4 25. Qxe4 Nxe4 26. Nxe7 Rxe7 27. Rac1 h6 28. a4 Kg8 29. g4 Ng5 30. h4 Nh7 31. Kg2 Kf7 32. Kf3 Nf8 33. Ke4 b6 34. g5 hxg5 35. hxg5 g6 36. gxf6 Kxf6 37. Rc6+ Kf7 38. Rf1 gxf5+ 39. Rxf5+ Ke8 40. Bg5 Rf7 41. Rxe5+ Kd7 42. Rc1 Ng6 43. Rd5+ Ke8 44. Kd4 Ne7 45. Re1 Rd8 46. Rxd8+ Kxd8 47. Kc4 a6 48. Rxe7 Rxe7 49. Kd5 Kd7 50. Bxe7 Kxe7 51. Kc6 b5 52. axb5 axb5 53. Kxb5 Kd7 54. Kb6 Kc8 55. b4 Kb8 56. b5 1-0

[Event "Catalunya-chT Honor"]
[Site "Catalunya"]
[Date "2009.03.08"]
[Round "6"]
[White "Villa Izquierdo, Roberto"]
[Black "Vazquez Gamero, Miguel"]
[Result "1/2-1/2"]
[WhiteElo "2170"]
[BlackElo "2139"]
[PlyCount "33"]
[EventDate "2009.02.01"]
[EventType "team-tourn"]
[EventRounds "9"]
[EventCountry "ESP"]
[SourceTitle "EXT 2019"]
[Source "ChessBase"]
[SourceDate "2018.10.10"]
[SourceVersion "1"]
[SourceVersionDate "2018.10.10"]
[SourceQuality "1"]
[WhiteTeam "Barbera"]
[BlackTeam "Sant Adria"]
[WhiteTeamCountry "ESP"]
[BlackTeamCountry "ESP"]

1. d4 Nf6 2. Nf3 b6 3. c4 e6 4. a3 Bb7 5. Bg5 Be7 6. Bxf6 Bxf6 7. Nc3 d5 8. cxd5 exd5 9. e3 0-0 10. Bd3 c5 11. Qc2 cxd4 12. Bxh7+ Kh8 13. exd4 Re8+ 14. Kf1 Nc6 15. Rd1 g6 16. Bxg6 fxg6 17. Qxg6 1/2-1/2

[Event "Barbera del Valles op 31st"]
[Site "Barbera del Valles"]
[Date "2008.07.04"]
[Round "1"]
[White "Villa Izquierdo, Roberto"]
[Black "Asis Gargatagli, Hipolito"]
[Result "0-1"]
[WhiteElo "2161"]
[BlackElo "2396"]
[PlyCount "54"]
[EventDate "2008.07.04"]
[EventType "swiss"]
[EventRounds "9"]
[EventCountry "ESP"]
[SourceTitle "CBM 125 Extra"]
[Source "ChessBase"]
[SourceDate "2008.09.01"]
[SourceVersion "1"]
[SourceVersionDate "2008.09.01"]
[SourceQuality "1"]

1. d4 d5 2. Nf3 Nc6 3. Bf4 Nf6 4. e3 Nh5 5. Ne5 Nxf4 6. exf4 Nxe5 7. fxe5 Bf5 8. Bd3 Bxd3 9. Qxd3 Qd7 10. 0-0 e6 11. f4 g6 12. Nd2 Bg7 13. b4 0-0 14. g4 f6 15. g5 fxg5 16. fxg5 Rxf1+ 17. Rxf1 Qe7 18. h4 Qxb4 19. Rb1 Qe7 20. Rxb7 Rf8 21. Rxa7 Bxe5 22. Qe3 Bf4 23. Qe2 Qf7 24. Nf3 Bd6 25. Kg2 Qf4 26. Qxe6+ Kh8 27. Qh3 Qe3 0-1

[Event "Cerdanyola del Valles op-A 24th"]
[Site "Cerdanyola del Valles"]
[Date "2006.10.21"]
[Round "4.1"]
[White "Villa Izquierdo, Roberto"]
[Black "Fernandez Diaz Mascort, Miguel"]
[Result "1/2-1/2"]
[WhiteElo "2255"]
[BlackElo "2275"]
[PlyCount "39"]
[EventDate "2006.09.30"]
[EventType "swiss"]
[EventRounds "8"]
[EventCountry "AUT"]
[SourceTitle "EXT 2024"]
[Source "ChessBase"]
[SourceDate "2023.10.10"]
[SourceVersion "1"]
[SourceVersionDate "2023.10.10"]
[SourceQuality "1"]

1. d4 c5 2. d5 d6 3. e4 Nf6 4. Nc3 e6 5. Bb5+ Nbd7 6. dxe6 fxe6 7. Bf4 Qc7 8. Qd2 a6 9. Be2 b5 10. Rd1 Ne5 11. f3 Bd7 12. Bg5 b4 13. Nb1 Bb5 14. Bxf6 gxf6 15. f4 Nf7 16. c4 Bc6 17. Qc2 Bh6 18. Nh3 Bb7 19. Bf3 0-0-0 20. 0-0 1/2-1/2

[Event "Catalunya-chT Final"]
[Site "Spain"]
[Date "2004.??.??"]
[Round "?"]
[White "Villa Izquierdo, Roberto"]
[Black "Farran Martos, Francesco Xavier"]
[Result "1-0"]
[WhiteElo "2183"]
[BlackElo "2083"]
[PlyCount "57"]
[EventDate "2004.??.??"]
[EventType "team"]
[EventRounds "1"]
[EventCountry "ESP"]
[SourceTitle "EXT 2007"]
[Source "ChessBase"]
[SourceDate "2006.11.23"]
[SourceVersion "1"]
[SourceVersionDate "2006.11.23"]
[SourceQuality "1"]

1. d4 Nf6 2. Nf3 c5 3. d5 b5 4. Bg5 Ne4 5. Bf4 Bb7 6. Qd3 f5 7. Nc3 Na6 8. Nxe4 Nb4 9. Nd6+ exd6 10. Qxf5 Bxd5 11. c3 Be6 12. Qb1 Nd5 13. Bg3 Qe7 14. e3 g5 15. Bd3 Bg7 16. Qc2 c4 17. Be4 b4 18. Rd1 Nxc3 19. bxc3 Bxc3+ 20. Ke2 Rc8 21. Bxd6 Qf6 22. Bb7 Bf5 23. e4 g4 24. Bxc8 gxf3+ 25. gxf3 Bg6 26. Bxd7+ Kf7 27. Bc6 Bh5 28. Bd5+ Kg7 29. Rhg1+ 1-0

[Event "Benidorm Bali op-A"]
[Site "Benidorm"]
[Date "2003.11.26"]
[Round "7"]
[White "Villa Izquierdo, Roberto"]
[Black "Tebar Moreno, Juan Carlos"]
[Result "0-1"]
[WhiteElo "2183"]
[BlackElo "2254"]
[PlyCount "76"]
[EventDate "2003.11.21"]
[EventType "swiss"]
[EventRounds "9"]
[EventCountry "ESP"]
[SourceTitle "CBM 097 Extra"]
[Source "ChessBase"]
[SourceDate "2004.01.13"]
[SourceVersion "1"]
[SourceVersionDate "2004.01.13"]
[SourceQuality "1"]

1. d4 d5 2. Nf3 Nc6 3. h3 Nf6 4. Bf4 e6 5. e3 a6 6. Nbd2 Be7 7. c3 0-0 8. Bd3 Nb8 9. 0-0 c5 10. Ne5 Nbd7 11. Nxd7 Bxd7 12. Bg5 Rc8 13. f4 Bb5 14. Bxb5 axb5 15. Bxf6 Bxf6 16. Nf3 b4 17. Ne5 bxc3 18. bxc3 cxd4 19. cxd4 Bxe5 20. fxe5 Rc4 21. Qb3 Qe7 22. Rac1 Rfc8 23. Rxc4 dxc4 24. Qc3 b5 25. Rb1 Qd7 26. e4 h6 27. Kh1 Qc6 28. Qc2 Rd8 29. Rd1 b4 30. Kg1 c3 31. Kf2 Ra8 32. d5 Qc4 33. Ke3 Rxa2 34. Qd3 exd5 35. exd5 Qh4 36. Rf1 Rd2 37. Qf5 Qd4+ 38. Kf3 Rd3+ 0-1

[Event "Benidorm Bali op-A"]
[Site "Benidorm"]
[Date "2003.11.24"]
[Round "4"]
[White "Delgado Pico, Lluis"]
[Black "Villa Izquierdo, Roberto"]
[Result "1/2-1/2"]
[WhiteElo "2052"]
[BlackElo "2183"]
[PlyCount "67"]
[EventDate "2003.11.21"]
[EventType "swiss"]
[EventRounds "9"]
[EventCountry "ESP"]
[SourceTitle "CBM 097 Extra"]
[Source "ChessBase"]
[SourceDate "2004.01.13"]
[SourceVersion "1"]
[SourceVersionDate "2004.01.13"]
[SourceQuality "1"]

1. d4 d5 2. Nf3 e6 3. Bf4 Be7 4. e3 f5 5. h3 Nf6 6. Bd3 0-0 7. Nbd2 Nbd7 8. Qe2 Ne4 9. Ne5 c5 10. c3 c4 11. Bxe4 fxe4 12. b3 Qa5 13. bxc4 Qxc3 14. 0-0 Bf6 15. Rfc1 Qa3 16. cxd5 exd5 17. Qb5 Nb6 18. Rc2 Bxe5 19. Bxe5 Bd7 20. Qb3 Qxb3 21. axb3 Bc6 22. f3 a6 23. Bc7 Nd7 24. fxe4 dxe4 25. Nc4 Nf6 26. Nb6 Rae8 27. Be5 Nd5 28. Nxd5 Bxd5 29. Rc7 Rf7 30. Rxf7 Kxf7 31. b4 Rc8 32. Ra5 Bc6 33. Rc5 Rd8 34. Kf2 1/2-1/2

[Event "Benidorm Bali op-A"]
[Site "Benidorm"]
[Date "2003.11.21"]
[Round "1"]
[White "Villa Izquierdo, Roberto"]
[Black "Pla Ferreres, Ismael"]
[Result "1-0"]
[WhiteElo "2183"]
[BlackElo "2046"]
[PlyCount "95"]
[EventDate "2003.11.21"]
[EventType "swiss"]
[EventRounds "9"]
[EventCountry "ESP"]
[SourceTitle "CBM 097 Extra"]
[Source "ChessBase"]
[SourceDate "2004.01.13"]
[SourceVersion "1"]
[SourceVersionDate "2004.01.13"]
[SourceQuality "1"]

1. d4 f5 2. g4 d5 3. g5 Nc6 4. f4 e6 5. Nf3 Nge7 6. e3 h6 7. gxh6 Rxh6 8. b3 Ng6 9. Ba3 Bxa3 10. Nxa3 Nh4 11. Ng5 e5 12. dxe5 Nxe5 13. Be2 c6 14. Qd4 Nhg6 15. 0-0-0 Qe7 16. Kb2 Nd7 17. c4 Nf6 18. cxd5 Nxd5 19. Bf3 Nc7 20. Rd2 Ne6 21. Nxe6 Bxe6 22. Rhd1 Nf8 23. Nc4 Bxc4 24. Qxc4 Re6 25. Kb1 a5 26. Rd4 Rc8 27. e4 b5 28. Qc2 fxe4 29. Bg4 Kf7 30. Bxe6+ Qxe6 31. Rxe4 Qf6 32. Re5 Kg8 33. Qf5 Qxf5+ 34. Rxf5 Ne6 35. Rd6 Nd8 36. a4 bxa4 37. bxa4 c5 38. Ra6 Nb7 39. Kc2 Rd8 40. Ra7 Rd7 41. Kc3 Kh7 42. Re5 c4 43. Rf5 Nc5 44. Rxd7 Nxd7 45. Kxc4 Kg6 46. Rxa5 Kf6 47. Rb5 Ke6 48. a5 1-0

[Event "Sant Boi op-A"]
[Site "Sant Boi de Llobregat"]
[Date "2000.05.19"]
[Round "2"]
[White "Trias Fernandez, Ramon"]
[Black "Villa Izquierdo, Roberto"]
[Result "1/2-1/2"]
[WhiteElo "2030"]
[BlackElo "2174"]
[PlyCount "83"]
[EventDate "2000.05.12"]
[EventType "swiss"]
[EventRounds "7"]
[EventCountry "ESP"]
[SourceTitle "EXT 2003"]
[Source "ChessBase"]
[SourceDate "2002.11.25"]
[SourceVersion "1"]
[SourceVersionDate "2002.11.25"]
[SourceQuality "1"]

1. e4 c5 2. Nf3 d6 3. d4 cxd4 4. Nxd4 Nf6 5. Nc3 g6 6. Be3 Bg7 7. Be2 0-0 8. 0-0 Nc6 9. Kh1 Ng4 10. Bxg4 Bxg4 11. Qd2 Ne5 12. b3 Rc8 13. Rac1 Re8 14. f4 Qa5 15. Nce2 Qxd2 16. Bxd2 Nc6 17. Nf3 a5 18. c3 a4 19. Ned4 Bxf3 20. Nxf3 axb3 21. axb3 Na5 22. Nd4 Bxd4 23. cxd4 Nxb3 24. Rxc8 Rxc8 25. Be3 Rc3 26. Re1 f5 27. exf5 gxf5 28. Bg1 Kf7 29. d5 b5 30. Rd1 b4 31. g3 Rc1 32. Rd3 Nc5 33. Rd4 Rb1 34. Kg2 Ne4 35. Be3 Rb2+ 36. Kf3 e6 37. dxe6+ Kxe6 38. g4 d5 39. gxf5+ Kd6 40. h3 h5 41. Rd3 b3 42. f6 1/2-1/2

[Event "Sant Boi op"]
[Site "Sant Boi de Llobregat"]
[Date "1998.??.??"]
[Round "7"]
[White "Villa Izquierdo, Roberto"]
[Black "Lerch Gallemi, Jose Maria"]
[Result "0-1"]
[WhiteElo "2205"]
[BlackElo "2330"]
[PlyCount "64"]
[EventDate "1998.??.??"]
[EventType "swiss"]
[EventRounds "8"]
[EventCountry "ESP"]
[SourceTitle "EXT 2003"]
[Source "ChessBase"]
[SourceDate "2002.11.25"]
[SourceVersion "1"]
[SourceVersionDate "2002.11.25"]
[SourceQuality "1"]

1. e4 e5 2. Nf3 Qe7 3. Nc3 c6 4. Bc4 h6 5. d4 d6 6. 0-0 g5 7. dxe5 dxe5 8. Be3 Bg7 9. Qd3 Nf6 10. b4 Nbd7 11. Rfd1 Qxb4 12. Nxe5 0-0 13. Ng6 Re8 14. Rab1 Qa5 15. f4 Nc5 16. Bxf7+ Kxf7 17. Qc4+ Kxg6 18. f5+ Kh7 19. Bxc5 Nxe4 20. Nxe4 Rxe4 21. Qxe4 Qxc5+ 22. Kh1 Bxf5 23. Qe1 b6 24. Qg3 Re8 25. Rf1 Bg6 26. Rbd1 Re7 27. Rd8 Qxc2 28. h4 gxh4 29. Qxh4 Re5 30. Qf4 Qc5 31. Rf3 Re1+ 32. Rf1 Qg5 0-1

[Event "Sant Boi op"]
[Site "Sant Boi de Llobregat"]
[Date "1998.??.??"]
[Round "3"]
[White "Villa Izquierdo, Roberto"]
[Black "Masque Vergara, Ramon"]
[Result "1-0"]
[WhiteElo "2205"]
[BlackElo "2005"]
[PlyCount "83"]
[EventDate "1998.??.??"]
[EventType "swiss"]
[EventRounds "8"]
[EventCountry "ESP"]
[SourceTitle "EXT 2003"]
[Source "ChessBase"]
[SourceDate "2002.11.25"]
[SourceVersion "1"]
[SourceVersionDate "2002.11.25"]
[SourceQuality "1"]

1. d4 Nf6 2. c4 g6 3. g3 Bg7 4. Nf3 0-0 5. Bg2 d6 6. Nc3 Nbd7 7. 0-0 c6 8. Qc2 Rb8 9. a4 Qc7 10. Rd1 a6 11. a5 b5 12. axb6 Nxb6 13. b3 d5 14. Bf4 Bf5 15. Qxf5 gxf5 16. Bxc7 Rb7 17. Bxb6 Rxb6 18. Ra3 Rfb8 19. cxd5 cxd5 20. Ne5 Rxb3 21. Rxb3 Rxb3 22. Nxd5 Ne4 23. Nxe7+ Kf8 24. Nxf5 Nc3 25. Re1 a5 26. Nd7+ Kg8 27. Nc5 Rb2 28. e4 a4 29. Nxg7 a3 30. Nd3 Rd2 31. Nc1 Kxg7 32. d5 Rc2 33. Nb3 Rb2 34. Na1 a2 35. Bf3 Rb1 36. Kf1 Kf6 37. e5+ Ke7 38. d6+ Kd8 39. Bc6 Nd1 40. e6 fxe6 41. Rxe6 Nc3+ 42. Kg2 1-0